| 000 | 00470nam a22001817a 4500 | ||
|---|---|---|---|
| 005 | 20250618093318.0 | ||
| 008 | 250618b |||||||| |||| 00| 0 eng d | ||
| 020 |
_a9780552774055 _qpbk |
||
| 041 | _aeng | ||
| 082 | _a823.92 KIN | ||
| 100 | _aKinsella Soohie | ||
| 245 |
_aShopaholic & Baby _c/ Shophie Kinsella |
||
| 250 | _a1st ed | ||
| 260 |
_aLondono _bTransworld publishers _c2007 |
||
| 300 |
_a446p. : _c20cm |
||
| 650 | _aEnglish fiction | ||
| 942 | _cENGLISH | ||
| 999 |
_c572649 _d572649 |
||